Loading...
| History - European | 2 | 1 | 0 | 0 | 40 | 51 | 59.67 | 1 | 3 | 18.02 | 26.67 |
| Geography | 2 | 0 | 0 | 0 | 30 | 52 | 60.00 | 0 | 2 | 34.58 | 40.00 |
| History - American | 1 | 0 | 0 | 0 | 15 | 34 | 34.00 | 0 | 0 | 8.06 | 2.22 |
| Literature - European | 1 | 0 | 0 | 0 | 15 | 49 | 49.00 | 0 | 1 | 7.05 | 8.89 |
| Other Academic | 1 | 0 | 0 | 0 | 15 | 46 | 46.00 | 1 | 1 | 21.35 | 33.33 |
| Social Science | 1 | 0 | 0 | 0 | 15 | 35 | 35.00 | 1 | 1 | 4.89 | 6.67 |
| Visual Arts | 0 | 1 | 0 | 1 | 10 | 122 | 122.00 | 0 | 0 | 0.92 | 4.44 |
| Current Events | 0 | 1 | 0 | 0 | 10 | 62 | 62.00 | 1 | 1 | 15.52 | 33.33 |
| History - Ancient | 0 | 1 | 0 | 1 | 10 | 126 | 126.00 | 0 | 0 | 0.16 | 4.00 |
| History - Other | 0 | 1 | 0 | 0 | 10 | 71 | 71.00 | 0 | 1 | 11.24 | 15.00 |
| History - World | 0 | 1 | 0 | 1 | 10 | 117 | 117.00 | 0 | 0 | 1.34 | 2.22 |
| Literature - British | 0 | 1 | 0 | 0 | 10 | 89 | 89.00 | 0 | 0 | 4.52 | 4.44 |
| Auditory Arts | 0 | 0 | 1 | 0 | -5 | 0.00 | 0 | 0 | 0.00 | 0.00 |